000 00419 a2200145 4500
001 89269
082 _a372.241 WAT
090 _c42221
_d42221
100 _aWatts, Eleanor
245 _aOxford progressive english Book 2
_bprimary level english book series
_cEleanor Watts
260 _aKarachi
_bOxford University Press
_c2014
300 _a102 p.
_bPb
500 _aDOS textbook
740 _aClass 2 -english book
942 _aCAE NUST
_k372.241 WAT
999 _c324342
_d324342